[Event "Najdorf Mem Open A 2016"]
[Site "Warsaw POL"]
[Date "2016.07.08"]
[Round "1.46"]
[White "Nebolsina, Vera"]
[Black "Esserman, Marc"]
[Result "1/2-1/2"]
[WhiteTitle "WGM"]
[BlackTitle "IM"]
[WhiteElo "2226"]
[BlackElo "2474"]
[WhiteFideId "4163591"]
[BlackFideId "2018616"]
[EventDate "2016.07.08"]

1. Nf3 Nf6 2. g3 d5 3. Bg2 c5 4. O-O g6 5. c3 Bg7 6. d4 Ne4 7. dxc5 Nxc5 8. Be3
Qd6 9. Na3 a6 10. Qc1 O-O 11. Rd1 Ncd7 12. c4 Qb4 13. Bd4 dxc4 14. Bxg7 Kxg7 15.
Rd4 Nc6 16. Rh4 Rh8 17. Qh6+ Kg8 18. Nxc4 Nf6 19. a3 Qc5 20. b4 Qb5 21. Nd4 Nxd4
22. Rxd4 Be6 23. Na5 Qxe2 24. Rad1 Rf8 25. Rd8 Qxf2+ 26. Kh1 Nd7 27. Rxf8+ Nxf8
28. Nxb7 Qc2 29. Rc1 Qa2 30. Rd1 Qc2 31. Bf3 Bg4 32. Bxg4 Qe4+ 33. Kg1 Qxb7 34.
Qe3 Kg7 35. Re1 Qd5 36. Qc3+ Kg8 37. Rxe7 h5 38. Bf3 Qd6 39. Rb7 h4 40. Qc4 Ne6
41. gxh4 Qe5 42. Bd5 Qe3+ 43. Kf1 Qh3+ 44. Bg2 Qf5+ 45. Kg1 Nf4 46. Rb8+ Kh7 47.
Rxh8+ Kxh8 48. Qxa6 Qe5 49. Qa8+ Kh7 50. Qf3 Qd4+ 51. Kh1 Kg7 52. Bf1 Nd5 53. b5
Ne3 54. a4 Nxf1 55. Qxf1 Qe4+ 56. Kg1 Qg4+ 57. Qg2 Qd1+ 58. Kf2 Qxa4 59. Qd5
Qxh4+ 60. Ke3 Qxh2 61. Qd4+ Kh7 62. b6 Qg3+ 63. Kd2 Qb3 64. Qf6 Qd5+ 65. Ke3 g5
66. Qd4 Qa5 67. Qe4+ f5 68. Qe7+ Kh6 69. Qd6+ Kh5 70. Qh2+ Kg6 71. Qd6+ Kh5 72.
Qh2+ 1/2-1/2

[Event "Najdorf Mem Open A 2016"]
[Site "Warsaw POL"]
[Date "2016.07.08"]
[Round "1.47"]
[White "Meskovs, Nikita"]
[Black "Smieszek, Wojciech"]
[Result "1-0"]
[WhiteTitle "IM"]
[WhiteElo "2469"]
[BlackElo "2217"]
[WhiteFideId "11602740"]
[BlackFideId "1156047"]
[EventDate "2016.07.08"]

1. d4 Nf6 2. c4 c5 3. d5 e6 4. Nc3 exd5 5. cxd5 d6 6. Nf3 g6 7. Nd2 Nbd7 8. e4
Bg7 9. Be2 O-O 10. O-O Re8 11. Qc2 a6 12. a4 Ne5 13. h3 g5 14. f4 gxf4 15. Rxf4
Bh6 16. Rf1 Be3+ 17. Kh1 Nfg4 18. Bxg4 Bxg4 19. Nf3 Bxc1 20. Nxe5 Rxe5 21. Raxc1
Bh5 22. Rf5 Qe7 23. Qb3 Rxf5 24. exf5 Re8 25. Rf1 f6 26. a5 Qc7 27. Qa4 Qg7 28.
Kh2 Re3 29. Qh4 Qg5 30. Rf4 Re5 31. Qf2 Kh8 32. Ne4 Qg7 33. Qh4 Qe7 34. Nxf6 Bd1
35. Qg5 Qg7 36. Rh4 h5 37. Rxh5+ 1-0

[Event "Najdorf Mem Open A 2016"]
[Site "Warsaw POL"]
[Date "2016.07.08"]
[Round "1.48"]
[White "Heinemann, Josefine"]
[Black "Socko, Monika"]
[Result "0-1"]
[WhiteTitle "WIM"]
[BlackTitle "GM"]
[WhiteElo "2216"]
[BlackElo "2462"]
[WhiteFideId "12900460"]
[BlackFideId "1106619"]
[EventDate "2016.07.08"]

1. e4 c5 2. Nf3 Nc6 3. d4 cxd4 4. Nxd4 g6 5. c4 Nf6 6. Nc3 Nxd4 7. Qxd4 d6 8.
Be3 Bg7 9. f3 O-O 10. Qd2 Bd7 11. Be2 a5 12. Rd1 Bc6 13. b3 Nd7 14. O-O Nc5 15.
Rb1 Qb6 16. Rfc1 Rfc8 17. Bf1 Qd8 18. a3 a4 19. bxa4 Nxa4 20. Nd5 Bxd5 21. cxd5
Nc5 22. Bxc5 dxc5 23. Rxb7 Rxa3 24. Kh1 Bd4 25. Rd1 Rca8 26. Qf4 Ra1 27. Rbb1
Rxb1 28. Rxb1 Kg7 29. Qd2 Ra3 30. Qc2 Qa5 31. Bc4 Rc3 32. Qe2 Qa4 33. Bb5 Qa3
34. Bc4 h5 35. h4 Bf6 36. e5 Bxh4 37. d6 exd6 38. exd6 Rc1+ 39. Rxc1 Qxc1+ 40.
Qf1 Qf4 41. d7 Bf6 42. Qd3 Qh4+ 0-1

[Event "Najdorf Mem Open A 2016"]
[Site "Warsaw POL"]
[Date "2016.07.08"]
[Round "1.49"]
[White "Feuerstack, Aljoscha"]
[Black "Bus, Konrad"]
[Result "1/2-1/2"]
[WhiteTitle "IM"]
[WhiteElo "2454"]
[BlackElo "2216"]
[WhiteFideId "4681932"]
[BlackFideId "1148362"]
[EventDate "2016.07.08"]

1. e4 d5 2. exd5 Qxd5 3. Nc3 Qd6 4. d4 Nf6 5. Nf3 g6 6. Nb5 Qd8 7. c4 c6 8. Nc3
Bg7 9. h3 O-O 10. Be2 Bf5 11. O-O Ne4 12. Re1 Nxc3 13. bxc3 c5 14. Qb3 Qc7 15.
Bf1 cxd4 16. cxd4 Nc6 17. Be3 e5 18. d5 e4 19. dxc6 exf3 20. cxb7 Rab8 21. Rab1
Be4 22. Bd3 Rxb7 23. Qa3 Rxb1 24. Rxb1 Bxd3 25. Qxd3 fxg2 26. Qd5 Qc8 27. Kxg2
Rd8 28. Qa5 Bd4 29. Rd1 Bb6 30. Rxd8+ Qxd8 31. Qc3 Qa8+ 32. Kg1 Qf3 33. c5 Qd1+
34. Kg2 Qd5+ 35. Kg1 Qd1+ 36. Kg2 Qd5+ 37. Kg1 1/2-1/2

[Event "Najdorf Mem Open A 2016"]
[Site "Warsaw POL"]
[Date "2016.07.08"]
[Round "1.50"]
[White "Eswaran, Ashritha"]
[Black "Lauber, Arnd"]
[Result "0-1"]
[WhiteTitle "WIM"]
[BlackTitle "IM"]
[WhiteElo "2211"]
[BlackElo "2444"]
[WhiteFideId "2080788"]
[BlackFideId "4632630"]
[EventDate "2016.07.08"]

1. e4 c6 2. d4 d5 3. Nc3 dxe4 4. Nxe4 Bf5 5. Ng3 Bg6 6. N1e2 e6 7. Nf4 Bd6 8. c3
Nf6 9. h4 Qc7 10. Qf3 Nd5 11. Nxd5 cxd5 12. Bb5+ Nc6 13. h5 Bc2 14. Kd2 Bxg3 15.
Kxc2 Bd6 16. Re1 O-O-O 17. Bxc6 bxc6 18. h6 gxh6 19. Bxh6 Rhg8 20. Rac1 Rd7 21.
Kb1 Kb7 22. c4 Qa5 23. c5 Bc7 24. Re3 Qa4 25. Rb3+ Ka8 26. Qd1 Qa6 27. Ra3 Qc8
28. Rcc3 Bb8 29. g3 e5 30. Be3 Re7 31. dxe5 Bxe5 32. Bd4 Bxd4 33. Qxd4 Qf5+ 34.
Kc1 Re1+ 35. Kd2 Re4 36. Qxe4 dxe4 37. Ke2 Qh5+ 38. Kf1 Qh1+ 39. Ke2 Rd8 40. f3
Qd1+ 41. Kf2 Rd3 42. Rxd3 exd3 43. Ke3 Qe2+ 44. Kf4 d2 0-1

[Event "Najdorf Mem Open A 2016"]
[Site "Warsaw POL"]
[Date "2016.07.08"]
[Round "1.51"]
[White "Romanishin, Oleg M"]
[Black "Winiarski, Mikolaj"]
[Result "1-0"]
[WhiteTitle "GM"]
[WhiteElo "2433"]
[BlackElo "2209"]
[WhiteFideId "14100088"]
[BlackFideId "1159984"]
[EventDate "2016.07.08"]

1. Nf3 Nf6 2. g3 b6 3. d4 e6 4. Bg2 Bb7 5. c4 Be7 6. Nc3 d6 7. O-O Nbd7 8. d5 e5
9. Nh4 g6 10. e4 Bf8 11. f4 Bg7 12. f5 O-O 13. Qe2 Ne8 14. Bd2 c6 15. dxc6 Bxc6
16. Nd5 Bxd5 17. cxd5 Bf6 18. fxg6 hxg6 19. Nf3 a5 20. h4 Nc5 21. Ng5 Be7 22.
Rf2 Ng7 23. Raf1 f6 24. Ne6 Ngxe6 25. dxe6 Kg7 26. h5 Rh8 27. h6+ Kh7 28. Bh3
Rf8 29. Qg4 b5 30. Qxg6+ 1-0

[Event "Najdorf Mem Open A 2016"]
[Site "Warsaw POL"]
[Date "2016.07.08"]
[Round "1.52"]
[White "Cajbel, Maciej"]
[Black "Sieciechowicz, Marcin"]
[Result "0-1"]
[BlackTitle "IM"]
[WhiteElo "2208"]
[BlackElo "2430"]
[WhiteFideId "1123475"]
[BlackFideId "1130170"]
[EventDate "2016.07.08"]

1. e4 e6 2. d4 d5 3. exd5 exd5 4. Nf3 Nc6 5. c3 Bd6 6. Bd3 Nge7 7. O-O Bg4 8.
Bg5 Qd7 9. Nbd2 O-O-O 10. b4 f6 11. Bh4 Nf5 12. Qa4 Nxh4 13. Nxh4 Kb8 14. Bb5 a6
15. Bxc6 Qxc6 16. Qxc6 bxc6 17. Nb3 g5 18. Nf3 Kb7 19. Nfd2 Rde8 20. Rfe1 Be2
21. Na5+ Kb6 22. Ndb3 Re7 23. Nc1 Rhe8 24. Nxe2 Rxe2 25. Kf1 R2e4 26. g3 c5 27.
dxc5+ Bxc5 28. Rxe4 Rxe4 29. Nb3 Bd6 30. Rd1 Rc4 31. Rxd5 Rxc3 32. Rf5 Bxb4 33.
Rxf6+ Kb5 34. Nd4+ Kc4 35. Ne6 c5 36. Nxg5 Ra3 37. Nxh7 Rxa2 38. h4 Kb3 39. Rf3+
Kb2 40. Nf6 c4 41. Rf4 Kb3 42. Nd5 a5 43. h5 c3 44. Nxc3 Bxc3 45. h6 Rd2 46. Rf8
Rd7 47. g4 a4 48. g5 a3 49. Rb8+ Bb4 0-1

[Event "Najdorf Mem Open A 2016"]
[Site "Warsaw POL"]
[Date "2016.07.08"]
[Round "1.53"]
[White "Nguyen, Piotr"]
[Black "Kumala, Aleksander"]
[Result "1-0"]
[WhiteTitle "IM"]
[WhiteElo "2430"]
[BlackElo "2207"]
[WhiteFideId "1127993"]
[BlackFideId "1141880"]
[EventDate "2016.07.08"]

1. c4 e5 2. Nc3 b6 3. Nf3 Nc6 4. e3 Bb7 5. d4 exd4 6. exd4 Bb4 7. Bd3 Qe7+ 8.
Be3 Nf6 9. O-O Bxc3 10. bxc3 O-O-O 11. Re1 Qa3 12. Qb3 Qxb3 13. axb3 d5 14. Bg5
Na5 15. Ne5 dxc4 16. bxc4 Rdf8 17. Bf5+ Kd8 18. Nd7 Bc8 19. Nxf6 h6 20. Nd5+
hxg5 21. Bxc8 Kxc8 22. Re7 c6 23. Nb4 Kb8 24. h3 Rh6 25. Rd7 g4 26. Re1 Re6 27.
Rxe6 fxe6 28. hxg4 g5 29. c5 Rf4 30. Na6+ Kc8 31. Rc7+ Kd8 32. Rxa7 Nc4 33. cxb6
Nxb6 34. f3 e5 35. Nc5 Ke8 36. dxe5 Nd5 37. Ne4 c5 38. e6 c4 39. Nd6+ Kf8 40.
Nf5 1-0

[Event "Najdorf Mem Open A 2016"]
[Site "Warsaw POL"]
[Date "2016.07.08"]
[Round "1.54"]
[White "Kowalczyk, Rafal"]
[Black "Piscopo, Pierluigi"]
[Result "1-0"]
[BlackTitle "IM"]
[WhiteElo "2204"]
[BlackElo "2429"]
[WhiteFideId "1133853"]
[BlackFideId "809152"]
[EventDate "2016.07.08"]

1. e4 c5 2. c3 d5 3. exd5 Qxd5 4. d4 Nc6 5. dxc5 Qxd1+ 6. Kxd1 Bf5 7. Be3 Nf6 8.
Bb5 O-O-O+ 9. Nd2 Nd5 10. Ngf3 e5 11. Bxc6 bxc6 12. Nxe5 Nxe3+ 13. fxe3 Bxc5 14.
Re1 Rhe8 15. Nxc6 Rd3 16. Nd4 Bg6 17. Rc1 Bd6 18. g3 h5 19. Nf3 Re4 20. Ke2
Rexe3+ 21. Kf2 Bc5 22. Rxe3 Bxe3+ 23. Ke2 Bc5 24. Nc4 Rd8 25. Nfe5 Bf5 26. b4
Bf8 27. Ne3 Be6 28. a4 h4 29. Nc6 Rd7 30. Nd4 Bh3 31. Kf3 g6 32. a5 Rd6 33. gxh4
Rf6+ 34. Ke4 Bh6 35. Re1 Rf4+ 36. Kd3 f5 37. Nd5 Bf1+ 38. Kc2 Rf2+ 39. Kb3 Bg2
40. Re8+ Kd7 41. Nf6+ Kc7 42. Nb5+ Kb7 43. Re7+ Kb8 44. a6 1-0

[Event "Najdorf Mem Open A 2016"]
[Site "Warsaw POL"]
[Date "2016.07.08"]
[Round "1.55"]
[White "Skliarov, Viktor"]
[Black "Flak, Pawel"]
[Result "1-0"]
[WhiteTitle "FM"]
[WhiteElo "2429"]
[BlackElo "2204"]
[WhiteFideId "14106736"]
[BlackFideId "1117548"]
[EventDate "2016.07.08"]

1. e4 Nf6 2. Nc3 d5 3. exd5 Nxd5 4. Bc4 c6 5. Qf3 e6 6. d4 Nd7 7. Nge2 N7f6 8.
Bd2 Qc7 9. O-O-O Bd6 10. g4 Nxc3 11. Nxc3 Nd5 12. Kb1 Nxc3+ 13. Bxc3 a6 14. Bd3
Bd7 15. d5 e5 16. Bf5 c5 17. Bxd7+ Qxd7 18. Bxe5 Bxe5 19. Qe2 O-O 20. Qxe5 Rfe8
21. Qc3 Re2 22. f3 h6 23. Rhe1 Rxe1 24. Qxe1 b5 25. d6 Re8 26. Qc3 Qc6 27. b4 c4
28. f4 Rd8 29. Qd4 c3 30. a3 Qd7 31. f5 Re8 32. h3 Qc6 33. f6 a5 34. d7 Rd8 35.
fxg7 axb4 36. axb4 Qc4 37. Qxc4 bxc4 38. b5 Kxg7 39. b6 Kf6 40. b7 Ke7 41. Re1+ 1-0

[Event "Najdorf Mem Open A 2016"]
[Site "Warsaw POL"]
[Date "2016.07.08"]
[Round "1.56"]
[White "Dzierzak, Radoslaw"]
[Black "Johansson, Linus"]
[Result "0-1"]
[BlackTitle "IM"]
[WhiteElo "2204"]
[BlackElo "2425"]
[WhiteFideId "1161407"]
[BlackFideId "1711113"]
[EventDate "2016.07.08"]

1. e4 e6 2. d4 d5 3. Nd2 c5 4. exd5 exd5 5. Ngf3 Nc6 6. Bb5 Qe7+ 7. Be2 Qc7 8.
O-O Nf6 9. Re1 Be7 10. dxc5 Bxc5 11. Bd3+ Be7 12. h3 O-O 13. c3 Bd7 14. Nb3 Rfe8
15. Bg5 h6 16. Bxf6 Bxf6 17. Qd2 a5 18. Bc2 a4 19. Rxe8+ Bxe8 20. Nbd4 Nxd4 21.
Nxd4 a3 22. b4 Rc8 23. Bb3 Qxc3 24. Qxc3 Rxc3 25. Rd1 b6 26. Bxd5 Ba4 27. Rd2
Bg5 28. Re2 g6 29. Nf3 Bf4 30. g3 Bd6 31. Ne5 Kg7 32. Nxf7 Bxb4 33. Re4 Bb3 34.
Bxb3 Rxb3 35. Ne5 Rb2 36. Nd3 Ba5 37. Nf4 Rxa2 38. Re7+ Kg8 39. Nd5 Rd2 0-1

[Event "Najdorf Mem Open A 2016"]
[Site "Warsaw POL"]
[Date "2016.07.08"]
[Round "1.57"]
[White "Yilmazyerli, Mert"]
[Black "Masse, Hugues"]
[Result "1-0"]
[WhiteTitle "IM"]
[WhiteElo "2424"]
[BlackElo "2204"]
[WhiteFideId "6305962"]
[BlackFideId "2604264"]
[EventDate "2016.07.08"]

1. e4 e6 2. d4 d5 3. Bd3 dxe4 4. Bxe4 Nf6 5. Bf3 c5 6. Ne2 Nc6 7. Be3 Nd5 8.
Bxd5 Qxd5 9. Nbc3 Qc4 10. b3 Qb4 11. a3 Qb6 12. dxc5 Qa6 13. Rb1 Be7 14. b4 Ne5
15. b5 Qa5 16. Qd4 Nd7 17. O-O Qxa3 18. Qxg7 Bf6 19. Qh6 Bxc3 20. Rb3 Qa4 21.
Nxc3 Qg4 22. h3 Qg6 23. Qxg6 hxg6 24. Ne4 Rh4 25. Nd6+ Kf8 26. Rd1 1-0

[Event "Najdorf Mem Open A 2016"]
[Site "Warsaw POL"]
[Date "2016.07.08"]
[Round "1.58"]
[White "Jaroch, Karol"]
[Black "Bilguun, Sumiya"]
[Result "0-1"]
[BlackTitle "FM"]
[WhiteElo "2203"]
[BlackElo "2419"]
[WhiteFideId "1130609"]
[BlackFideId "4901541"]
[EventDate "2016.07.08"]

1. e4 c5 2. Nc3 Nc6 3. g3 g6 4. Bg2 Bg7 5. f4 d6 6. h3 e6 7. Nf3 Nge7 8. O-O O-O
9. d3 Rb8 10. g4 f5 11. Ne2 Bd7 12. c3 b5 13. a3 a5 14. gxf5 exf5 15. Ng5 h6 16.
Qb3+ c4 17. dxc4 hxg5 18. c5+ Kh7 19. cxd6 Ng8 20. e5 Qb6+ 21. Kh1 Rbe8 22. Bd5
a4 23. Qa2 Nxe5 24. fxe5 Rxe5 25. Nd4 Nf6 26. Bf3 f4 27. h4 Qxd6 28. Rg1 Ne4 29.
Bxe4 Rxe4 30. Nf3 Bc6 31. Nxg5+ Kh8 32. Nxe4 Bxe4+ 33. Rg2 Bxg2+ 34. Kxg2 f3+ 0-1

[Event "Najdorf Mem Open A 2016"]
[Site "Warsaw POL"]
[Date "2016.07.08"]
[Round "1.59"]
[White "Nasuta, Grzegorz"]
[Black "Piotrowski, Przemyslaw"]
[Result "1-0"]
[WhiteTitle "IM"]
[WhiteElo "2417"]
[BlackElo "2201"]
[WhiteFideId "1141686"]
[BlackFideId "1127063"]
[EventDate "2016.07.08"]

1. e4 c5 2. Nf3 d6 3. d4 cxd4 4. Nxd4 Nf6 5. Nc3 Nc6 6. Bg5 e6 7. Qd2 a6 8.
O-O-O Bd7 9. f4 b5 10. Bxf6 gxf6 11. Kb1 Qb6 12. Nxc6 Bxc6 13. f5 Qc5 14. Bd3 h5
15. fxe6 fxe6 16. Rhf1 Bh6 17. Qe1 Qe5 18. Qh4 Bg5 19. Qf2 h4 20. Nd5 Qxh2 21.
Qb6 Bd7 22. e5 Qxe5 23. Rfe1 exd5 24. Rxe5+ dxe5 25. Qb7 Rd8 26. Bg6+ Kf8 27.
Rxd5 1-0

[Event "Najdorf Mem Open A 2016"]
[Site "Warsaw POL"]
[Date "2016.07.08"]
[Round "1.60"]
[White "Karpus, Michal"]
[Black "Yankelevich, Lev"]
[Result "1/2-1/2"]
[WhiteTitle "FM"]
[WhiteElo "2179"]
[BlackElo "2415"]
[WhiteFideId "1174088"]
[BlackFideId "24684074"]
[EventDate "2016.07.08"]

1. e4 c5 2. Nf3 e6 3. d4 cxd4 4. Nxd4 Nc6 5. Nc3 Qc7 6. Be2 a6 7. O-O Nf6 8. Be3
Be7 9. f4 d6 10. Qe1 O-O 11. Kh1 Nxd4 12. Bxd4 b5 13. a3 Bb7 14. Qg3 Rad8 15.
Rae1 Rd7 16. Bd3 Re8 17. a4 b4 18. Na2 Qa5 19. Nc1 Qxa4 20. Nb3 Bd8 21. e5 Nh5
22. Qh3 g6 23. f5 Qc6 24. fxe6 Rxe6 25. Be4 Qb5 1/2-1/2

[Event "Najdorf Mem Open A 2016"]
[Site "Warsaw POL"]
[Date "2016.07.08"]
[Round "1.61"]
[White "Lindgren, Philip"]
[Black "Jakubiec, Edyta"]
[Result "1-0"]
[WhiteTitle "IM"]
[BlackTitle "WIM"]
[WhiteElo "2411"]
[BlackElo "2176"]
[WhiteFideId "1713230"]
[BlackFideId "1114158"]
[EventDate "2016.07.08"]

1. d4 f5 2. Nf3 Nf6 3. g3 d6 4. Bg2 g6 5. O-O Bg7 6. b3 O-O 7. Bb2 Ne4 8. Nbd2
Nc6 9. Ne1 Ng5 10. Ndf3 Nf7 11. c4 e5 12. Nc2 e4 13. Nfe1 a5 14. f3 exf3 15.
exf3 f4 16. g4 d5 17. c5 b6 18. Nd3 g5 19. cxb6 cxb6 20. Re1 Ba6 21. Qd2 Qd7 22.
Bf1 Rfe8 23. a4 Qd6 24. Nf2 Bxf1 25. Kxf1 Qh6 26. Kg2 Bf6 27. Re2 Qg7 28. Rae1
Rxe2 29. Rxe2 Rc8 30. Qd3 Nd6 31. Re6 Rd8 32. Ba3 Be7 33. Bxd6 Bxd6 34. Qb5 Nxd4
35. Nxd4 Qxd4 36. Rxd6 Rxd6 37. Qe8+ Kg7 38. Qe7+ Kg8 39. Qxd6 1-0

[Event "Najdorf Mem Open A 2016"]
[Site "Warsaw POL"]
[Date "2016.07.08"]
[Round "1.62"]
[White "Tomaszewski, Kacper"]
[Black "Szczepkowska-Horowska, Karina"]
[Result "1-0"]
[BlackTitle "WGM"]
[WhiteElo "2172"]
[BlackElo "2411"]
[WhiteFideId "1127373"]
[BlackFideId "1122681"]
[EventDate "2016.07.08"]

1. d4 Nf6 2. c4 e6 3. Nc3 Bb4 4. f3 c5 5. d5 O-O 6. e4 d6 7. Bd3 b5 8. Ne2 Nbd7
9. cxb5 Ne5 10. O-O a6 11. Bc2 h6 12. f4 Neg4 13. dxe6 c4 14. exf7+ Rxf7 15. Nd4
Nh5 16. h3 Qh4 17. f5 Ne5 18. Be3 Bc5 19. Bf2 Qg5 20. Nf3 Nxf3+ 21. Qxf3 Bxf2+
22. Rxf2 Bb7 23. bxa6 Rxa6 24. Rd1 Nf6 25. Qe2 Nd7 26. Qxc4 Ne5 27. Qe2 Kh7 28.
Bb3 Rc7 29. Nd5 Rc1 30. Rxc1 Qxc1+ 31. Rf1 Qc5+ 32. Kh1 1-0

[Event "Najdorf Mem Open A 2016"]
[Site "Warsaw POL"]
[Date "2016.07.08"]
[Round "1.63"]
[White "Arat, Ufuk Sezen"]
[Black "Chomczyk, Marek"]
[Result "1/2-1/2"]
[WhiteTitle "IM"]
[WhiteElo "2402"]
[BlackElo "2167"]
[WhiteFideId "6309089"]
[BlackFideId "1125826"]
[EventDate "2016.07.08"]

1. d4 Nf6 2. Nf3 e6 3. c4 d5 4. g3 Be7 5. Bg2 O-O 6. O-O dxc4 7. Qc2 a6 8. a4
Bd7 9. Qxc4 Bc6 10. Bg5 Nbd7 11. Nc3 h6 12. Bf4 Nb6 13. Qb3 Nbd5 14. Bd2 Rc8 15.
Rfe1 Nxc3 16. bxc3 Be4 17. Ne5 Bxg2 18. Kxg2 c5 19. Qxb7 cxd4 20. cxd4 Qxd4 21.
Nf3 Qd6 22. Bf4 Qb4 23. Qxa6 g5 24. Bd2 Qe4 25. h3 Rfd8 26. Red1 Rc2 27. Kg1 Ra8
28. Qb5 Rc5 29. Qb3 Qxe2 30. Nd4 Qe4 31. Bb4 Rc7 32. Nb5 Rb7 33. Bxe7 Rxe7 34.
a5 Rd7 35. a6 Rxd1+ 36. Qxd1 Qc6 37. Qa4 Ne4 38. a7 Nd2 39. Nd4 Qe4 40. Nc6 Nf3+
41. Kg2 Nh4+ 42. Kf1 Qh1+ 43. Ke2 Qf3+ 44. Kd2 Qxf2+ 45. Kc3 Qxg3+ 46. Kb4 Qf4+
47. Kc5 Qg3 48. Kb6 Qd6 49. Kb7 Qf8 50. Nb8 Rxa7+ 51. Kxa7 Qc5+ 52. Ka8 Nf5 53.
Qc6 Qe3 54. Ra7 Kg7 55. Qd7 Qf3+ 56. Qb7 Nd4 57. Qxf3 Nxf3 58. Ra3 Ne5 59. Kb7
f5 60. Nc6 Kf6 61. Nd4 Ng6 62. Kc6 Ke5 63. Kc5 Ke4 64. Nxe6 f4 65. Kd6 f3 66.
Nc5+ Kf4 67. Nd3+ Kg3 68. Ne1 Nh4 69. Ke5 Kf2 70. Nd3+ Kg3 71. Ne1 Kf2 72. Nc2
Kg2 73. Ke4 Kxh3 74. Ne3 g4 75. Ra1 h5 76. Rh1+ Kg3 77. Nf1+ Kg2 78. Rxh4 Kxf1
79. Rxh5 f2 80. Ke3 Kg1 81. Rf5 g3 82. Ke2 g2 83. Rxf2 Kh1 84. Rxg2 Kxg2 1/2-1/2

[Event "Najdorf Mem Open A 2016"]
[Site "Warsaw POL"]
[Date "2016.07.08"]
[Round "1.64"]
[White "Zlatin, Alexander"]
[Black "Tania, Sachdev"]
[Result "1/2-1/2"]
[BlackTitle "IM"]
[WhiteElo "2146"]
[BlackElo "2398"]
[WhiteFideId "2810549"]
[BlackFideId "5007844"]
[EventDate "2016.07.08"]

1. e4 e5 2. Nf3 Nc6 3. Bc4 Bc5 4. c3 Nf6 5. d3 O-O 6. Nbd2 d6 7. Bb3 a6 8. h3
Ba7 9. Nf1 Ne7 10. Ng3 Ng6 11. O-O c6 12. d4 h6 13. Re1 Re8 14. Bc2 Qc7 15. Be3
c5 16. Qd2 Kh7 17. Rad1 Bd7 18. dxe5 dxe5 19. Nh5 Nxh5 20. Qxd7 Re7 21. Qxc7
Rxc7 22. g3 Nf6 23. Re2 c4 24. Bxa7 Rxa7 25. Rd8 b5 26. Red2 Rd7 27. Kf1 Rxd2
28. Rxd2 Rd7 29. Ke2 Kg8 30. Ke3 Kf8 31. Rxd7 Nxd7 32. a4 Ke7 33. Nd2 Kd6 34.
axb5 axb5 35. b4 cxb3 36. Nxb3 Nc5 37. Nxc5 Kxc5 38. Bb3 f6 39. h4 Nf8 40. h5
Nd7 41. Kf3 Nb6 42. Kg4 Nc4 43. Bc2 Nd6 44. Bd3 b4 45. cxb4+ Kxb4 46. Kf3 Kc3
47. Ke3 Nb7 48. Ba6 Nc5 49. Bb5 Ne6 50. Ba4 Nd4 51. Bd1 Nb5 52. Be2 Nd4 53. Bd1
Kc4 54. Be2+ Kc3 55. Bd1 1/2-1/2

[Event "Najdorf Mem Open A 2016"]
[Site "Warsaw POL"]
[Date "2016.07.08"]
[Round "1.65"]
[White "Menezes, Christoph"]
[Black "Fieberg, Samuel"]
[Result "1-0"]
[WhiteTitle "IM"]
[WhiteElo "2398"]
[BlackElo "2132"]
[WhiteFideId "1617001"]
[BlackFideId "12901717"]
[EventDate "2016.07.08"]

1. d4 d5 2. c4 c6 3. Nf3 Nf6 4. e3 Bg4 5. h3 Bh5 6. g4 Bg6 7. Ne5 e6 8. Nd2 Nbd7
9. Nxg6 hxg6 10. Bg2 g5 11. O-O Bd6 12. Re1 Qc7 13. cxd5 Nxd5 14. a3 O-O-O 15.
Nc4 Kb8 16. Bd2 f5 17. e4 fxe4 18. Rxe4 N7f6 19. Rxe6 Bf4 20. Ba5 b6 21. Bc3 Qf7
22. Rxc6 Qd7 23. Qa4 Kb7 24. Qb5 Bc7 25. Rc1 Ka8 26. Ne5 Bxe5 27. dxe5 Ne8 28.
e6 1-0

[Event "Najdorf Mem Open A 2016"]
[Site "Warsaw POL"]
[Date "2016.07.08"]
[Round "1.66"]
[White "Rey, Fabrice"]
[Black "Lomasov, Semen"]
[Result "1/2-1/2"]
[BlackTitle "FM"]
[WhiteElo "2128"]
[BlackElo "2395"]
[WhiteFideId "606820"]
[BlackFideId "24164879"]
[EventDate "2016.07.08"]

1. d4 Nf6 2. c4 c5 3. d5 b5 4. Qc2 bxc4 5. e4 g6 6. Bxc4 d6 7. Nf3 Bg7 8. O-O
O-O 9. h3 Nfd7 10. Bf4 Nb6 11. Be2 f5 12. e5 dxe5 13. Bxe5 Qxd5 14. Nc3 Qe6 15.
Rfe1 Bxe5 16. Nxe5 Bb7 17. Rad1 Qf6 18. a4 Kh8 19. a5 Nc8 1/2-1/2

[Event "Najdorf Mem Open A 2016"]
[Site "Warsaw POL"]
[Date "2016.07.08"]
[Round "1.67"]
[White "Krysztofiak, Marcin"]
[Black "Zaninotto, Franco"]
[Result "1/2-1/2"]
[WhiteTitle "IM"]
[BlackTitle "FM"]
[WhiteElo "2384"]
[BlackElo "2127"]
[WhiteFideId "1114751"]
[BlackFideId "800406"]
[EventDate "2016.07.08"]

1. Nf3 Nf6 2. g3 g6 3. b3 Bg7 4. Bb2 d6 5. d4 O-O 6. Bg2 c5 7. c4 Qa5+ 8. Nc3
Ne4 9. Rc1 Nc6 10. O-O Nxc3 11. Bxc3 Qc7 12. d5 Nd8 13. Bxg7 Kxg7 14. Qd2 f6 15.
Ne1 Nf7 16. f4 b5 17. Nd3 bxc4 18. bxc4 Rb8 19. Qc3 Bd7 20. h3 Rb6 21. e4 Ra6
22. Rf2 Qa5 23. Qa1 Rb8 24. e5 Rb3 25. Rf3 Qa3 26. Ne1 Rxf3 27. Nxf3 Bf5 28.
exf6+ exf6 29. Rc3 Qxa2 30. Qe1 Qb2 31. Qe3 Ra2 32. Bf1 Be4 33. Rb3 Qc2 34. Rc3
Qb2 35. Rb3 Qc2 36. Rc3 Qb2 1/2-1/2

[Event "Najdorf Mem Open A 2016"]
[Site "Warsaw POL"]
[Date "2016.07.08"]
[Round "1.68"]
[White "Garbowski, Jakub"]
[Black "Abdumalik, Zhansaya"]
[Result "0-1"]
[BlackTitle "WGM"]
[WhiteElo "2102"]
[BlackElo "2382"]
[WhiteFideId "1164929"]
[BlackFideId "13703544"]
[EventDate "2016.07.08"]

1. e4 c5 2. Nf3 a6 3. Nc3 e6 4. d4 cxd4 5. Nxd4 Qc7 6. Be2 Nf6 7. O-O d6 8. Kh1
g6 9. f4 Bg7 10. Be3 O-O 11. Bf3 Nbd7 12. g4 Nb6 13. g5 Nfd7 14. f5 Re8 15. f6
Bf8 16. Bg1 Nc4 17. Qe1 b5 18. Bg2 Bb7 19. Nce2 Rac8 20. Ng3 Nc5 21. b3 Nb6 22.
Qe3 Ncd7 23. Rae1 e5 24. Ndf5 d5 25. Nh6+ Bxh6 26. gxh6 dxe4 27. Qg5 Nd5 28.
Bxe4 Nf4 29. Be3 Nh5 30. Bg1 Nxg3+ 31. hxg3 Bxe4+ 32. Rxe4 Qc6 33. Qh4 Re6 34.
Kh2 Nxf6 35. Re2 Nd5 36. Rd2 g5 37. Qe4 Rxh6+ 38. Kg2 Ne3+ 0-1